00422nam a2200157 a 450000100060000000300090000600800410001502000150005604000280007108200180009910000250011724500380014226000470018030000110022765000260023812175CO-ViMGA141112s2004 ck r 000 u spa d a8428321191 aCO-ViMGAbspacCO-ViMGA04aR332.103 I57d1 aInstituto de Banca, 10aDiccionario de Terminos Bancarios aMadrid, cEditorial Paraninfo S.A., c1994 a171 p.14aBANCOS - DICCIONARIOS